Good Governance: Prashasan Gaon ki ore (Record no. 532372)

000 -LEADER
fixed length control field 00915nam a22001337a 4500
008 - FIXED-LENGTH DATA ELEMENTS--GENERAL INFORMATION
fixed length control field 260130b ||||| |||| 00| 0 eng d
100 ## - MAIN ENTRY--PERSONAL NAME
Personal name Pal, Rakesh Kumar
245 ## - TITLE STATEMENT
Title Good Governance: Prashasan Gaon ki ore
260 ## - PUBLICATION, DISTRIBUTION, ETC. (IMPRINT)
Place of publication, distribution, etc Kurukshetra
300 ## - PHYSICAL DESCRIPTION
Extent 74(2), Dec, 2025: p.32-34
520 ## - SUMMARY, ETC.
Summary, etc Prashasan Gaon ki or is a national initiative to deliver transparent, accountable, and citizen centric governance directly to rural communities. Rooted in Gandhian ideals and Vajpayee’s vision of Sushasan, it strengthens grassroots administration though efficient service delivery and grievance redressed. The campaign has processed millions of applications and documented impactful innovation. By combining digital access and participatory governance, it empowers villages. Overall, it bullies a responsive and inclusive rural governance framework. – Reproduced
773 ## - HOST ITEM ENTRY
Main entry heading Kurukshetra
942 ## - ADDED ENTRY ELEMENTS (KOHA)
Item type Articles
Holdings
Withdrawn status Lost status Source of classification or shelving scheme Damaged status Not for loan Permanent location Current location Date acquired Serial Enumeration / chronology Barcode Date last seen Koha item type
          Indian Institute of Public Administration Indian Institute of Public Administration 2026-01-30 74(2), Dec, 2025: p.32-34 AR137992 2026-01-30 Articles

Powered by Koha